000 02504cam a2200373 i 4500
001 21569319
003 OSt
005 20230620111541.0
008 200618s2021 ilu b 001 0 eng
010 _a 2020027869
020 _a9780226761725
_q(paperback)
040 _cNIRUC
_dNIRUC
042 _apcc
043 _af-sj---
050 0 0 _aDT159.6.D27
_b.A28 2021
100 1 _aAbusharaf, Rogaia Mustafa,
_eauthor.
245 1 0 _aDarfur Allegory /
_cRogaia Mustafa Abusharaf.
264 1 _aChicago :
_bThe University of Chicago Press,
_c2021.
300 _a218 p
_c24 cm
504 _aIncludes bibliographical references (pages 201-212) and index.
505 0 _aPrelude : Unmuting Darfuri voices -- Encountering Darfur and its troubles -- Producing knowledge, historicizing racial categories -- Some views from the Sudan -- Qatar notes -- "All dust and panic" : Sinai Desert-scape -- Darfur's jam for justice in America -- Postscript : Darfur the rhizome.
520 _a"Darfur Allegory is a dispatch from the humanitarian crisis that explains the historical and ethnographic background to competing narratives that have informed international responses. At the heart of the book is Sudanese anthropologist Rogaia Abusharaf's critique of the pseudoscientific notions of race and ethnicity that posit divisions between "Arab" northerners and "African" southerners. Elaborated in colonial times and enshrined in policy after, such binary categories have been adopted by the media to explain the civil war. The narratives that circulate internationally are thus highly fraught and cover over, to counterproductive effect, forms of Darfurian activism that have emerged in the conflict's wake. Darfur Allegory marries the analytical precision of a committed anthropologist with an insider's view of Sudanese politics at home and in the diaspora, laying bare the power of words to heal or perpetuate civil conflict"--
_cProvided by publisher.
650 0 _aGenocide
_zSudan
_zDarfur.
650 0 _aEthnic conflict
_zSudan
_zDarfur.
650 0 _aSudanese
_zSudan
_zDarfur
_xSocial conditions.
650 0 _aSudanese
_zSudan
_zDarfur
_xEthnic identity.
650 0 _aSudanese
_zForeign countries.
650 0 _aPostcolonialism
_zSudan.
651 0 _aSudan
_xHistory
_yDarfur Conflict, 2003-
651 0 _aSudan
_xHistory
_yDarfur Conflict, 2003-
_xRefugees.
906 _a7
_bcbc
_corignew
_d1
_eecip
_f20
_gy-gencatlg
942 _2lcc
_cBK
_n0
999 _c68
_d68